Úlohy vyplývajúce zo zákona o pedagogických a odborných zamestnancoch
Legislatívne dokumenty a ustanovenia nového Zákona NR SR č. 317/2009 Z. z. o pedagogických zamestnancoch. Konkrétne činnosti a zapracovanie zmien do vnútorných predpisov škôl a školských zariadení. Úlohy pre školský manažment.
Salvato in:
| Autore principale: | |
|---|---|
| Natura: | Capitolo di libro |
| Lingua: | slovacco |
| Soggetti: | |
| Tags: |
Nessun Tag, puoi essere il primo ad aggiungerne!!
|
MARC
| LEADER | 00000naa$a2200000$$$4500 | ||
|---|---|---|---|
| 001 | 0110392 | ||
| 005 | 20231127102155.9 | ||
| 041 | 0 | |a slo | |
| 044 | |a SK | ||
| 245 | 1 | 0 | |a Úlohy vyplývajúce zo zákona o pedagogických a odborných zamestnancoch |c Marián Valent |
| 520 | |a Legislatívne dokumenty a ustanovenia nového Zákona NR SR č. 317/2009 Z. z. o pedagogických zamestnancoch. Konkrétne činnosti a zapracovanie zmien do vnútorných predpisov škôl a školských zariadení. Úlohy pre školský manažment. | ||
| 610 | 2 | 0 | |a školstvo |
| 610 | 2 | 0 | |a školy |
| 610 | 2 | 0 | |a zariadenia školské |
| 610 | 2 | 0 | |a riaditelia |
| 610 | 2 | 0 | |a učitelia |
| 610 | 2 | 0 | |a rozvoj pracovníkov |
| 610 | 2 | 0 | |a vzdelávanie ďalšie |
| 610 | 2 | 0 | |a Slovensko |
| 610 | 2 | 0 | |a reformy školské |
| 610 | 2 | 0 | |a zákony |
| 100 | 1 | |a Valent, Marián | |